000 00258nam a22000857a 4500
008 160630b xxu||||| |||| 00| 0 eng d
100 _91478
_a Sharma, S
245 _aCommon Medical Problems in School Going Children
260 _aNew Delhi
_bAvichal Publication
_c2002
999 _c1225
_d1225